Loading...
BUILDING CAPABILITIES THROUGH CONTRACT FARMING PEPSICO'S EXPERIMENTS
| Main Author: | |
|---|---|
| Format: | Journal Article |
| Published: |
SAJOSPS
2004
|
| LEADER | 00390nam a22001097a 4500 | ||
|---|---|---|---|
| 100 | |a LAXMI RANI KULSHRESHTHA AND RUPALI SATSANGI |9 27932 | ||
| 245 | |a BUILDING CAPABILITIES THROUGH CONTRACT FARMING PEPSICO'S EXPERIMENTS | ||
| 260 | |b SAJOSPS |c 2004 | ||
| 300 | |a p.66-69 |b July-December | ||
| 942 | |c JA | ||
| 999 | |c 80420 |d 80420 | ||
| 952 | |0 0 |1 0 |4 0 |7 0 |9 72443 |a MGUL |b MGUL |c JA |d 2016-02-27 |l 0 |r 2016-02-27 |w 2016-02-27 |y JA | ||